Normal view
MARC view
- اعداد الشواشرة، وليد مصطفى حسن؛ اشراف محمود توفيق العواطلي
Entry Personal Name
001 - CONTROL NUMBER
- control field: 57851
003 - CONTROL NUMBER IDENTIFIER
- control field: JO-AjAnu
005 - DATE AND TIME OF LATEST TRANSACTION
- control field: 20230606083454.0
008 - FIXED-LENGTH DATA ELEMENTS
- fixed length control field: 230606|| aca||aabn | a|a d
040 ## - CATALOGING SOURCE
- Original cataloging agency: JO-AjAnu
- Transcribing agency: JO-AjAnu
100 ## - HEADING--PERSONAL NAME
- Personal name: اعداد الشواشرة، وليد مصطفى حسن؛ اشراف محمود توفيق العواطلي
670 ## - SOURCE DATA FOUND
- Source citation: Work cat.: (JO-AjAnu)29517: اعداد الشواشرة، وليد مصطفى حسن؛ اشراف محمود توفيق العواطلي, author, اجتماع حق الله، وحق العبد، واثره في قانون الاحوال الشخصية الاردني رقم 36 لسنة(2010م) ، دراسة تطبيقية باب الزواج والطلاق وآثارهما انموذجاً=Gathering the right of Allah With the right of Worshipper and Its Effect on the Law of Jordanian personal affairs number 36 for the year (2010) practical Married and Deforce Section and its effect as an examplary